[Event "Mittelrhein Verbandsliga-W 16/17"]
[Site "Nordrheinwestfalen"]
[Date "2016.10.02"]
[Round "2.8"]
[White "Koch, Walter1111"]
[Black "Beissel, Daniel"]
[Result "1-0"]
[WhiteElo "1762"]
[BlackElo "1543"]
[PlyCount "37"]
[EventDate "2016.09.11"]
[EventType "team-tourn"]
[EventRounds "11"]
[EventCountry "GER"]
[SourceTitle "EXT 2022"]
[Source "ChessBase"]
[SourceDate "2021.10.06"]
[SourceVersion "1"]
[SourceVersionDate "2021.10.06"]
[SourceQuality "1"]
[WhiteTeam "Herzogenrath"]
[BlackTeam "Horrem"]
[WhiteTeamCountry "GER"]
[BlackTeamCountry "GER"]

1. e4 c5 2. Nf3 Nc6 3. d4 cxd4 4. Nxd4 Nf6 5. Nc3 e6 6. Ndb5 d6 7. Bf4 e5 8. Bg5 a6 9. Na3 b5 10. Nd5 Be7 11. Bxf6 Bxf6 12. c3 Bg5 13. Nc2 f5 14. Bd3 0-0 15. exf5 Bxf5 16. Bxf5 Rxf5 17. 0-0 Ne7 18. Nxe7+ Qxe7 19. Qd5+ 1-0

[Event "Cologne Longerich op-B 12th"]
[Site "Cologne"]
[Date "2015.08.01"]
[Round "3"]
[White "Beissel, Daniel"]
[Black "Hirsch, Reinhard"]
[Result "1-0"]
[WhiteElo "1513"]
[BlackElo "995"]
[PlyCount "73"]
[EventDate "2015.07.31"]
[EventType "tourn"]
[EventRounds "5"]
[EventCountry "GER"]
[SourceTitle "EXT 2017"]
[Source "ChessBase"]
[SourceDate "2016.10.25"]
[SourceVersion "1"]
[SourceVersionDate "2016.10.25"]
[SourceQuality "1"]

1. d4 Nf6 2. Nf3 d6 3. e3 g6 4. c4 Bg7 5. Nc3 Nbd7 6. Be2 a6 7. 0-0 0-0 8. Qc2 Rb8 9. Rd1 c5 10. dxc5 Nxc5 11. b4 Bf5 12. Qb2 Nce4 13. Nd4 Nxc3 14. Qxc3 Ne4 15. Qb3 Rc8 16. Bb2 Be6 17. Nxe6 fxe6 18. f3 Ng5 19. Bxg7 Kxg7 20. h4 Nf7 21. c5 d5 22. Qb2+ Kg8 23. f4 Nh6 24. Qe5 Qd7 25. h5 Rf5 26. Qd4 Qc7 27. g4 Rf7 28. hxg6 hxg6 29. Kg2 Rh7 30. Rh1 Rf8 31. Rh3 Nf7 32. Rxh7 Kxh7 33. Rh1+ Kg8 34. g5 e5 35. Qxd5 exf4 36. Qe6 fxe3 37. Qxg6# 1-0

[Event "Cologne Longerich op-B 12th"]
[Site "Cologne"]
[Date "2013.07.19"]
[Round "1"]
[White "Beissel, Daniel"]
[Black "Thierkopf, Constantin"]
[Result "1/2-1/2"]
[WhiteElo "1615"]
[BlackElo "1460"]
[PlyCount "82"]
[EventDate "2013.07.19"]
[EventType "tourn"]
[EventRounds "5"]
[EventCountry "GER"]
[SourceTitle "EXT 2017"]
[Source "ChessBase"]
[SourceDate "2016.10.25"]
[SourceVersion "1"]
[SourceVersionDate "2016.10.25"]
[SourceQuality "1"]

1. d4 d5 2. c4 c6 3. Nf3 Nf6 4. e3 e6 5. Bd3 Bb4+ 6. Nbd2 0-0 7. 0-0 Nbd7 8. e4 Bxd2 9. Nxd2 e5 10. exd5 cxd5 11. cxd5 exd4 12. Nf3 Nxd5 13. Nxd4 Nc5 14. Bb1 Qd6 15. Nf5 Bxf5 16. Bxf5 Qe5 17. Bb1 Rad8 18. Re1 Qf6 19. Qc2 g6 20. Qxc5 Rfe8 21. Rxe8+ Rxe8 22. Qa5 Nc3 23. Bd2 Re2 24. Bf5 Rxd2 25. bxc3 Qxf5 26. Qxf5 gxf5 27. h3 Rc2 28. Rb1 b6 29. a4 Rxc3 30. a5 Rc6 31. axb6 Rxb6 32. Ra1 Rb7 33. Ra6 Kf8 34. Kh2 f4 35. h4 Kg7 36. Kh3 f5 37. Ra4 Kg6 38. Rxf4 a5 39. Ra4 Ra7 40. Kg3 Kf6 41. Kf4 h6 1/2-1/2

[Event "Cologne Longerich op 09th"]
[Site "Cologne"]
[Date "2012.08.05"]
[Round "5"]
[White "Beissel, Daniel"]
[Black "Rost, Vincent"]
[Result "1-0"]
[WhiteElo "1599"]
[BlackElo "1480"]
[PlyCount "119"]
[EventDate "2012.08.03"]
[EventType "tourn"]
[EventRounds "5"]
[EventCountry "GER"]
[SourceTitle "EXT 2017"]
[Source "ChessBase"]
[SourceDate "2016.10.25"]
[SourceVersion "1"]
[SourceVersionDate "2016.10.25"]
[SourceQuality "1"]

1. d4 d5 2. c4 e6 3. g3 Nf6 4. Nf3 Be7 5. Bg2 Nbd7 6. 0-0 0-0 7. b3 b6 8. Nc3 Bb7 9. Qc2 c5 10. e3 dxc4 11. bxc4 cxd4 12. exd4 Rc8 13. Qa4 a6 14. Ne2 b5 15. cxb5 Be4 16. bxa6 Qb6 17. Ne1 Bxg2 18. Nxg2 Ra8 19. Be3 Qxa6 20. Qxa6 Rxa6 21. Rfc1 Rfa8 22. Rc2 Nd5 23. Bd2 Bf6 24. Ne3 N7b6 25. Ng4 Be7 26. Ne5 f6 27. Nd3 Ra4 28. Nc5 Rc8 29. Rac1 Bxc5 30. dxc5 Nd7 31. Nf4 Nxf4 32. Bxf4 e5 33. Be3 Nb8 34. c6 Kf7 35. c7 Nd7 36. Rb1 Ke7 37. Bc5+ Nxc5 38. Rb8 Ra8 39. Rxa8 Rxa8 40. Rxc5 Kd7 41. c8Q+ Rxc8 42. Rxc8 Kxc8 43. f4 e4 44. f5 Kd7 45. Kf2 Kd6 46. Ke3 Ke5 47. g4 g6 48. fxg6 hxg6 49. a4 f5 50. gxf5 gxf5 51. a5 f4+ 52. Ke2 Kd4 53. a6 f3+ 54. Ke1 e3 55. a7 Kd3 56. a8Q f2+ 57. Kf1 Kd2 58. Qa2+ Kd3 59. Qe2+ Kd4 60. h4 1-0

[Event "Cologne Longerich op 09th"]
[Site "Cologne"]
[Date "2012.08.05"]
[Round "4"]
[White "Heinrich, Philipp"]
[Black "Beissel, Daniel"]
[Result "1/2-1/2"]
[WhiteElo "1643"]
[BlackElo "1599"]
[PlyCount "37"]
[EventDate "2012.08.03"]
[EventType "tourn"]
[EventRounds "5"]
[EventCountry "GER"]
[SourceTitle "EXT 2017"]
[Source "ChessBase"]
[SourceDate "2016.10.25"]
[SourceVersion "1"]
[SourceVersionDate "2016.10.25"]
[SourceQuality "1"]

1. d4 Nf6 2. c4 g6 3. Nc3 Bg7 4. e4 d6 5. Nf3 0-0 6. Be2 c6 7. 0-0 Nbd7 8. Be3 Ng4 9. Bc1 e5 10. dxe5 dxe5 11. h3 Ngf6 12. Be3 Qc7 13. Qc2 Rd8 14. Rfd1 b6 15. Ne1 h6 16. Nd3 Ne8 17. f3 Bb7 18. Rac1 Nf8 19. Bf1 1/2-1/2

[Event "Cologne Longerich op 09th"]
[Site "Cologne"]
[Date "2012.08.03"]
[Round "1"]
[White "Beissel, Daniel"]
[Black "Schroeter, Sophie"]
[Result "1-0"]
[WhiteElo "1599"]
[BlackElo "1109"]
[PlyCount "77"]
[EventDate "2012.08.03"]
[EventType "tourn"]
[EventRounds "5"]
[EventCountry "GER"]
[SourceTitle "EXT 2017"]
[Source "ChessBase"]
[SourceDate "2016.10.25"]
[SourceVersion "1"]
[SourceVersionDate "2016.10.25"]
[SourceQuality "1"]

1. d4 d5 2. c4 dxc4 3. e3 Be6 4. Nc3 Nf6 5. Nf3 Nc6 6. h3 Bd5 7. Qa4 Ne4 8. Nxd5 Qxd5 9. Bxc4 Qa5+ 10. Qxa5 Nxa5 11. Bd3 f5 12. Bxe4 fxe4 13. Nd2 0-0-0 14. Nxe4 e6 15. Ng5 Re8 16. Bd2 Nc4 17. b3 Nxd2 18. Kxd2 Bb4+ 19. Ke2 e5 20. Nf7 Bc3 21. Nxh8 Bxa1 22. Rxa1 Rxh8 23. dxe5 g5 24. f4 gxf4 25. exf4 Kd7 26. Kf3 Ke6 27. Ke4 Rd8 28. f5+ Kf7 29. Rc1 c6 30. g4 Rd5 31. Rc3 h6 32. Rd3 Rxd3 33. Kxd3 Ke7 34. Kd4 b6 35. b4 b5 36. Kc5 Kd7 37. h4 a6 38. g5 hxg5 39. hxg5 1-0

[Event "Maastricht Limburg op-C 6th"]
[Site "Maastricht"]
[Date "2012.05.26"]
[Round "2"]
[White "Beissel, Daniel"]
[Black "Boer, Jan"]
[Result "1-0"]
[WhiteElo "1611"]
[BlackElo "1730"]
[PlyCount "127"]
[EventDate "2012.05.25"]
[EventType "swiss"]
[EventRounds "7"]
[EventCountry "NED"]
[SourceTitle "EXT 2013"]
[Source "ChessBase"]
[SourceDate "2012.11.22"]
[SourceVersion "1"]
[SourceVersionDate "2012.11.22"]
[SourceQuality "1"]

1. d4 Nf6 2. Nd2 d5 3. e3 Bf5 4. Ngf3 e6 5. Be2 h6 6. 0-0 Bd6 7. b3 0-0 8. Bb2 Nbd7 9. c4 c6 10. c5 Bc7 11. b4 Re8 12. a4 Qe7 13. b5 e5 14. Qc1 e4 15. Nh4 Be6 16. g3 Nh7 17. bxc6 bxc6 18. Bc3 Ng5 19. Ng2 Qf6 20. Nf4 Nh3+ 21. Nxh3 Bxh3 22. Re1 Rab8 23. Qc2 Qg5 24. Bf1 Bf5 25. Reb1 h5 26. Bg2 h4 27. Rxb8 Rxb8 28. Nf1 h3 29. Bh1 Nf8 30. Rb1 Ng6 31. Rxb8+ Bxb8 32. Be1 Bd7 33. Qb1 Qd8 34. Qb7 f5 35. Qa6 Qe8 36. Ba5 Nf8 37. Qb7 Ne6 38. Nd2 g5 39. f3 exf3 40. Nxf3 g4 41. Ne1 Ng5 42. Kf2 Ne4+ 43. Bxe4 fxe4 44. Bc7 Qf8+ 45. Ke2 Bxc7 46. Qxc7 Qc8 47. Qxa7 Qe8 48. a5 Bc8 49. a6 Kf8 50. Kf2 Qf7+ 51. Qxf7+ Kxf7 52. a7 Bb7 53. Nc2 Ke6 54. Nb4 Kd7 55. Na6 Kc8 56. Nb8 Ba8 57. Ke1 Kb7 58. Nd7 Kxa7 59. Ne5 Bb7 60. Nxg4 Bc8 61. Ne5 Kb7 62. g4 Kc7 63. Kf2 Be6 64. Kg3 1-0

[Event "Maastricht Limburg op-C 4th"]
[Site "Maastricht"]
[Date "2010.05.22"]
[Round "3"]
[White "Beissel, Daniel"]
[Black "Allen, Timothy S"]
[Result "0-1"]
[WhiteElo "1542"]
[BlackElo "1699"]
[PlyCount "52"]
[EventDate "2010.05.21"]
[EventType "swiss"]
[EventRounds "7"]
[EventCountry "NED"]
[SourceTitle "EXT 2011"]
[Source "ChessBase"]
[SourceDate "2010.11.26"]
[SourceVersion "1"]
[SourceVersionDate "2010.11.26"]
[SourceQuality "1"]

1. d4 d5 2. c4 e5 3. dxe5 d4 4. Nf3 Nc6 5. Nbd2 f6 6. exf6 Qxf6 7. Nb3 Bb4+ 8. Bd2 Bxd2+ 9. Qxd2 Be6 10. Rc1 0-0-0 11. Nc5 Bf5 12. Nd3 h6 13. g3 Nge7 14. Bg2 Ng6 15. 0-0 Rhe8 16. Rfe1 Re7 17. a3 Qe6 18. b4 Bh3 19. e3 Bxg2 20. Kxg2 Qf6 21. exd4 Nxd4 22. Nxd4 Qxd4 23. Rxe7 Nxe7 24. Rc3 Ng6 25. Qc2 Qg4 26. Nc5 Nh4+ 0-1